00630cam a22002051 4500001000800000005001700008008004100025010001700066040001800083041000800101080001600109082001600125100000700141101000800148245007900156906004500235942001200280999001700292952011500309358391120180103041034.0730109s1958 nyu 000 0 eng  a 58013470  aDLCcDLCdDLC aeng a301.427 MIL00a301.427 MIL1 a50 aSOC14aThe changing American parent;c[by] Daniel R. Miller [and] Guy E. Swanson. a7bcbccorignewdueocipf19gy-gencatlg 2ddccBK c39604d39604 00102udc40708PËKGa002b002cPËKGd2018-01-03l0o301.427 MILp002-2994281r2018-01-03w2018-01-03yBK